Countries by Mountain Ranges - Statistics

General Stats
  • This quiz has been taken 183 times
  • The average score is 27 of 31
Answer Stats
Answer % Correct
Canada
99%
China
99%
China
99%
United States
99%
Nepal
97%
France
96%
Spain
95%
India
94%
Pakistan
93%
Andorra
92%
Bhutan
92%
Russia
92%
Chile
91%
Argentina
90%
Armenia
89%
Colombia
89%
Peru
89%
Bolivia
88%
Ecuador
88%
Georgia
87%
Venezuela
87%
Azerbaijan
86%
Morocco
86%
Algeria
85%
Kazakhstan
82%
Kyrgyzstan
80%
Tunisia
79%
Iran
73%
Iraq
72%
Uzbekistan
72%
Turkey
66%
No matching quizzes found
Score Distribution
Percent of People with Each Score
Percentile by Number Answered
Your Score History
You have not taken this quiz